| 000 | 01358nam a2200325 i 4500 | ||
|---|---|---|---|
| 001 | 197726 | ||
| 003 | SpMaBN | ||
| 005 | 20250901063143.0 | ||
| 008 | 250712s2024 sp |||||| 000 | spa| | ||
| 017 |
_aM 8203-2025 _bOficina Depósito Legal Madrid |
||
| 020 | _a9788410389953 | ||
| 040 |
_aSpMaBN _bspa _cSpMaBN _erda |
||
| 100 | 1 |
_990770 _aPérez de Castro, Dominica _eaut |
|
| 245 | 1 | 0 |
_aLa sombra del almendro / _cDominica Pérez de Castro ; prólogo de María Dolores Muñoz Fernández, pórtico de Julián Esteban Serrano. |
| 250 | _aPrimera edición: junio 2025 | ||
| 260 |
_aMadrid : _bGrupo Editorial Sial Pigmalión, _c2025. |
||
| 300 |
_a197 páginas ; _c20 cm. |
||
| 336 |
_atexto _2rdacontent |
||
| 337 |
_asin mediación _2rdamedia |
||
| 338 |
_avolumen _2rdacarrier |
||
| 655 | 7 |
_2tgfbne _9176539 _aPoesías |
|
| 700 | 1 |
_aMuñoz Fernández, María Dolores _eaui _9242154 |
|
| 700 | 1 |
_aEsteban Serrano, Julián _eaui _9242155 |
|
| 852 |
_aES-MaACL _cDEPOJ _jN-10595 _gDedicatoria autógrafa de la autora _hDonación: Dominica Pérez de Castro _xEncuadernación rústica con solapas _9206718 |
||
| 903 |
_990770 _aPérez de Castro, Dominica _ednr |
||
| 942 |
_cMONOGRAFIA _n0 |
||
| 999 |
_c197726 _d197726 |
||